| 000 | 01440naa a2200349 c 4500 | ||
|---|---|---|---|
| 001 | 49272 | ||
| 999 |
_c49272 _d49272 |
||
| 003 | ES-MaCES | ||
| 005 | 20181105120436.0 | ||
| 008 | 170421s2017 sp ||||| t||||||| ||spa d | ||
| 040 |
_aES-MaCES _bspa _cES-MaCES _dES-MaCES |
||
| 100 | 1 |
_aGanuza Fernández, Juan Jose _912702 |
|
| 245 | 1 | 3 |
_aLa armonización de reglas y estándares legales _b: un análisis económico _cJuan José Ganuza Fernández, Fernando Gómez Pomar |
| 500 | _aResumen | ||
| 504 | _aBibliografía: p. 77 | ||
| 650 | 4 |
_927958 _acomercio internacional |
|
| 650 | 4 |
_930653 _aglobalización económica |
|
| 650 | 4 |
_926673 _arelaciones económicas |
|
| 650 | 4 |
_927907 _aconsumo |
|
| 650 | 4 |
_927923 _aacceso al mercado |
|
| 650 | 4 |
_927960 _amercado común |
|
| 650 | 4 |
_927962 _aintegración económica |
|
| 650 | 4 |
_929918 _amecanismo de control |
|
| 650 | 4 |
_928255 _anormalización |
|
| 650 | 4 |
_928751 _aseguridad |
|
| 650 | 4 |
_927070 _aanálisis económico |
|
| 650 | 4 |
_929432 _amodelo matemático |
|
| 653 | 1 | 0 | _aComercio internacional |
| 700 | 1 |
_938081 _aGómez Pomar, Fernando |
|
| 773 | 0 |
_985907 _dMadrid (Padre Damián, 48, 28036) Fundación Fondo para la Investigación Económica y Social, Obra Social de la Confederación Española de Cajas de Ahorros _o088805 _tPapeles de economía española _w(ES-MaCES)25203 _gn. 151 (2017) {10187 R. 088805} ;p. 63-77 |
|
| 902 | _aART Artículo de revista | ||
| 942 |
_2CES _cAR _h0.0. |
||